000 01649nam0a2200337 4500
001 RU\NLR\BIBL_A\022344143
005 20260420015427.0
010 _a978-5-4228-0165-7
021 _aRU
_bКН-П-24-048961
_9КН-П-24-4865
035 _a(NLR Aleph) 022344143
090 _a13666563
_c13666563
100 _a20241007d2023 k y0rusy50 ca
101 0 _arus
102 _aRU
105 _aa z 000yy
181 0 _ai3
_baxxe
182 0 _an
200 1 _aСовременные тренды цифровизации в сфере устойчивого развития туризма
_eмонография
_fЕ. В. Печерица
_gАвтономная некоммерческая организация высшего образования "Международный банковский институт имени Анатолия Собчака"
203 _aТекст
_bвизуальный
_cнепосредственный
210 _aСанкт-Петербург
_cИзд-во МБИ имени Анатолия Собчака
_d2023
215 _a146 с.
_cтабл.
_d21
320 _aБиблиогр.: с. 114-146 (276 назв.)
606 1 _aТуризм
_xУстойчивого развития концепция
_92424434
_3RU\NLR\AUTH\6601662045
606 1 _aТуризм
_xИнформационные технологии
_92309323
_3RU\NLR\AUTH\661382178
686 1 _aЧ518.14(0)к4
686 1 _aЧ518.14(0)с51
700 1 _aПечерица
_bЕ. В.
_gЕлена Васильевна
942 _cBOOK
980 _aNB